| 000 | 00436nam a2200157Ia 4500 | ||
|---|---|---|---|
| 003 | GCL | ||
| 008 | 140319s9999 xx 000 0 aRus d | ||
| 040 |
_aGCL / _cGCL |
||
| 082 | 0 | 4 |
_a892.76 _bN S |
| 100 | 1 | _aNAGUIB MAHFOUZ | |
| 245 | 1 | 0 |
_aDE SUIKERSTEEG (HOLLANDISH LANGUAGE) / _cNAGUIB MAHFOUZ |
| 260 |
_a[S.N] : _bTHE AMERICAN UNIVERSITY IN CAIRO PRESS ، _c1993 |
||
| 300 | _a338 P | ||
| 650 | 0 | 4 | _aNAGUIB MAHFOUZ |
| 942 |
_2ddc _cBK |
||
| 999 |
_c18511 _d18511 |
||